Dua Lipa Charting Songs (Billboard Hot 100) - Statistics

General Stats
  • This quiz has been taken 364 times
    140 since last reset
  • The average score is 15 of 24
Answer Stats
Album Weeks On Peak Artist(s) Song % Correct
Barbie: The Album 35 Weeks #6 Dua Lipa Dance the Night
91%
Future Nostalgia 77 Weeks #2 Dua Lipa Levitating
88%
Future Nostalgia 52 Weeks #2 Dua Lipa Don't Start Now
86%
Dua Lipa 48 Weeks #6 Dua Lipa New Rules
85%
Dua Lipa: Complete Edition 21 Weeks #26 Calvin Harris & Dua Lipa One Kiss
85%
Radical Optimism 23 Weeks #11 Dua Lipa Houdini
84%
The Lockdown Sessions 52 Weeks #7 Elton John & Dua Lipa Cold Heart (PNAU Remix)
80%
Future Nostalgia 2 Weeks #60 Dua Lipa Physical
75%
Radical Optimism 10 Weeks #27 Dua Lipa Training Season
74%
Future Nostalgia 16 Weeks #41 Dua Lipa Love Again
66%
Plastic Hearts 12 Weeks #54 Miley Cyrus ft. Dua Lipa Prisoner
66%
Electricity 10 Weeks #62 Silk City x Dua Lipa Electricity
65%
Dua Lipa 23 Weeks #49 Dua Lipa IDGAF
65%
Traumazine 21 Weeks #15 Megan Thee Stallion & Dua Lipa Sweetest Pie
65%
Future Nostalgia 32 Weeks #13 Dua Lipa Break My Heart
64%
Radical Optimism 18 Weeks #43 Dua Lipa Illusion
61%
Dua Lipa: Complete Edition 14 Weeks #76 Martin Garrix & Dua Lipa Scared to Be Lonely
51%
Dua Lipa: Complete Edition 1 Week #93 Dua Lipa & BLACKPINK Kiss and Make Up
49%
Future Nostalgia: The Moonlight Edition 18 Weeks #31 Dua Lipa We're Good
46%
Dua Lipa 1 Week #72 Dua Lipa Blow Your Mind (Mwah)
43%
Ruby 1 Week #80 Jennie ft. Dua Lipa Handlebars
36%
Funk Wav Bounces Vol. 2 3 Weeks #71 Calvin Harris, Dua Lipa & Young Thug Potion
33%
José and Future Nostalgia: The Moonlight Edition 14 Weeks #63 J Balvin, Dua Lipa, Bad Bunny & Tainy UN DIA (ONE DAY)
25%
Faith 1 Week #86 Pop Smoke ft. Dua Lipa Demeanor
18%
No matching quizzes found
Score Distribution
Percent of People with Each Score
Percentile by Number Answered
Your Score History
You have not taken this quiz since the last reset